[Event "Stuttgart-chC int"]
[Site "Ditzingen"]
[Date "2014.05.31"]
[Round "6"]
[White "Aksit, Ali Tayyib"]
[Black "Meissner, Mogens"]
[Result "1-0"]
[WhiteElo "725"]
[BlackElo "1049"]
[PlyCount "51"]
[EventDate "2014.05.29"]
[EventType "swiss"]
[EventRounds "7"]
[EventCountry "GER"]
[SourceTitle "EXT 2015"]
[Source "ChessBase"]
[SourceDate "2014.11.20"]
[SourceVersion "1"]
[SourceVersionDate "2014.11.20"]
[SourceQuality "1"]

1. d4 d5 2. Nc3 Nf6 3. Bf4 e6 4. e3 Bb4 5. Bd3 Nc6 6. Nf3 Bd7 7. Ne5 0-0 8. 0-0 Bxc3 9. bxc3 Bc8 10. Rb1 Ne4 11. Rb2 Qh4 12. Bxe4 dxe4 13. Nxc6 bxc6 14. f3 Ba6 15. Rf2 exf3 16. Qxf3 Bb5 17. Bxc7 Qe7 18. Qf4 Qa3 19. Rb1 Qxa2 20. Rd1 Qb2 21. Bd6 Rfd8 22. Qxf7+ Kh8 23. Qxe6 Re8 24. Qf7 Qxc3 25. Bf8 Re7 26. Qxe7 1-0